Datum a čas kvízu
25.5
Celkem bodů
Celkový počet nahraných bodů na tomto kvízu bez doplňovacích otázek.
13.
Pořadí na kvízu
Konečné umístění týmu na tomto kvízu.
Zaznamenané odpovědi
| # | Otázka | Odpověď | Body | Výsledky |
|---|---|---|---|---|
| 1. | Ve čtvrtek jsme se dozvěděli,... | Rohlík.cz | 1 | |
| 2. | Obyvatelé jisté země schválili... | v Kataru | 1 | |
| 3. | Který bývalý člen kanceláře pr... | Jiří Ovčáček | 1 | |
| 4. | Minulý týden jsme se dozvěděli... | 5 000 Kčs | 0 | |
| 5. | Ve kterém hlavním městě ležící... | v Rijádu | 0 | |
| 6. | Napište názvy dvou filmů Zacka... | 300: Bitva u Thermopyl, 300: Vzestup říše | 0.5 | |
| 7. | Režisér a scenárista Otakar Vá... | Proti všem | 0 | |
| 8. | Německý film režiséra Edwarda... | Na západní frontě klid, Erich Maria Remarque | 1 | |
| 9. | Protektor je film režiséra Mar... | Jana Plodková, Marek Daniel | 0.5 | |
| 10. | Napište název filmu, z něhož p... | Apokalypsa/Apocalypse Now | 0 |